[Event "Bundesliga 9697"]
[Site "Deutschland"]
[Date "1997.??.??"]
[Round "?.6"]
[White "Van Wely, Loek"]
[Black "Kleeschaetzky, Ralf"]
[Result "1-0"]
[WhiteElo "2645"]
[BlackElo "2255"]
[PlyCount "83"]
[EventDate "1996.10.??"]
[EventType "team"]
[EventRounds "15"]
[EventCountry "GER"]
[SourceTitle "Bundesliga 9697"]
[Source "DeepChess"]
[SourceDate "2005.01.01"]
[SourceVersion "1"]
[SourceVersionDate "2005.01.01"]
[SourceQuality "1"]
[WhiteTeam "SG Porz e.V."]
[BlackTeam "SV Empor Berlin e.V."]
[WhiteTeamCountry "GER"]
[BlackTeamCountry "GER"]

1. d4 Nf6 2. c4 c5 3. d5 e6 4. Nc3 exd5 5. cxd5 d6 6. e4 g6 7. f4 Bg7 8. Bb5+
Nbd7 9. e5 dxe5 10. fxe5 Nh5 11. e6 Qh4+ 12. g3 Nxg3 13. hxg3 Qxh1 14. Be3
Bxc3+ 15. bxc3 Qe4 16. Qf3 Qxf3 17. exd7+ Bxd7 18. Bxd7+ Kxd7 19. Nxf3 Rae8 20.
Kd2 Kd6 21. c4 f6 22. Kd3 Re7 23. Nh2 f5 24. Rb1 b6 25. Nf3 Rhe8 26. Bf4+ Kd7
27. Rb2 Kc8 28. Rh2 h5 29. Nh4 Rg8 30. a4 Re4 31. Nf3 Rge8 32. Bg5 Kc7 33. Ra2
Rg4 34. Bf4+ Rxf4 35. gxf4 Re4 36. Ng5 Rd4+ 37. Kc3 Kd7 38. Ne6 Re4 39. Rg2
Re3+ 40. Kd2 Ra3 41. Rxg6 Rxa4 42. Rg7+ 1-0

[Event "Bundesliga 9697"]
[Site "Deutschland"]
[Date "1997.??.??"]
[Round "?.7"]
[White "Meissner, Hans Juergen"]
[Black "Vogt, Lothar"]
[Result "0-1"]
[WhiteElo "2255"]
[BlackElo "2515"]
[PlyCount "100"]
[EventDate "1996.10.??"]
[EventType "team"]
[EventRounds "15"]
[EventCountry "GER"]
[SourceTitle "Bundesliga 9697"]
[Source "DeepChess"]
[SourceDate "2005.01.01"]
[SourceVersion "1"]
[SourceVersionDate "2005.01.01"]
[SourceQuality "1"]
[WhiteTeam "SV Empor Berlin e.V."]
[BlackTeam "SG Porz e.V."]
[WhiteTeamCountry "GER"]
[BlackTeamCountry "GER"]

1. d4 Nf6 2. c4 d6 3. Nc3 Nbd7 4. Nf3 g6 5. e4 e5 6. Be2 Bg7 7. O-O O-O 8. Qc2
Nh5 9. Rd1 Nf4 10. Bf1 c5 11. dxc5 dxc5 12. Nd5 Ne6 13. b4 cxb4 14. a3 b3 15.
Qxb3 Ndc5 16. Qc2 Bd7 17. a4 Qe8 18. Re1 Bxa4 19. Qb2 f6 20. Ra3 Rf7 21. h4 h5
22. Bd2 Rb8 23. Nc3 a6 24. Nxa4 Nxa4 25. Qc2 Nac5 26. Be3 Rd8 27. Bxc5 Nxc5 28.
Nd2 Rfd7 29. Nb1 Bh6 30. Rf3 Kg7 31. g3 Bd2 32. Rd1 Bb4 33. Rd5 Rxd5 34. cxd5
Qa4 35. Qe2 Qa1 36. Qc2 Qd4 37. Re3 Rd7 38. Bh3 Rc7 39. Kg2 b5 40. Qe2 Nb7 41.
g4 Rc1 42. gxh5 Qd1 43. Qxd1 Rxd1 44. Rg3 Rxb1 45. Rxg6+ Kh7 46. Rxf6 Nd6 47.
f4 Rb2+ 48. Kh1 Rf2 49. fxe5 Rxf6 50. exf6 Bc3 0-1

[Event "Bundesliga 9697"]
[Site "Deutschland"]
[Date "1997.??.??"]
[Round "?.8"]
[White "Van der Wiel, John TH"]
[Black "Kimpinsky, Frank"]
[Result "1/2-1/2"]
[WhiteElo "2555"]
[BlackElo "2270"]
[PlyCount "125"]
[EventDate "1996.10.??"]
[EventType "team"]
[EventRounds "15"]
[EventCountry "GER"]
[SourceTitle "Bundesliga 9697"]
[Source "DeepChess"]
[SourceDate "2005.01.01"]
[SourceVersion "1"]
[SourceVersionDate "2005.01.01"]
[SourceQuality "1"]
[WhiteTeam "SG Porz e.V."]
[BlackTeam "SV Empor Berlin e.V."]
[WhiteTeamCountry "GER"]
[BlackTeamCountry "GER"]

1. e4 c5 2. Nf3 d6 3. d4 cxd4 4. Nxd4 Nf6 5. Nc3 a6 6. a4 g6 7. Be2 Bg7 8. O-O
O-O 9. Be3 Re8 10. Nb3 Nc6 11. g4 b6 12. g5 Nd7 13. f3 Bb7 14. Rf2 Rc8 15. h4
Na5 16. Bd4 h5 17. Bxg7 Kxg7 18. Qd4+ Kg8 19. Rd1 Nc5 20. Nxa5 bxa5 21. Bc4 Qd7
22. Bf1 Ne6 23. Qd2 Nc5 24. Kh2 Qc7 25. Kg2 Rb8 26. b3 Bc6 27. Bc4 Rb4 28. Re2
Qd7 29. Bd5 Ne6 30. Bxc6 Qxc6 31. Nd5 Rd4 32. Qe1 Qc5 33. Red2 Rxd2+ 34. Qxd2
Nc7 35. Qf2 Qc6 36. Rd3 Qb7 37. Qb6 Qxb6 38. Nxb6 Ne6 39. Kg3 Rb8 40. Nc4 Rc8
41. Rd2 Rc5 42. f4 Nc7 43. Kf3 Kf8 44. Ne3 Ke8 45. Rd4 Kd7 46. Rc4 Kc6 47.
Rxc5+ Kxc5 48. c3 Ne8 49. Nc4 d5 50. Nxa5 dxe4+ 51. Kxe4 Nd6+ 52. Ke5 Kb6 53.
b4 Nf5 54. c4 Nxh4 55. c5+ Kc7 56. b5 Nf3+ 57. Ke4 Nd2+ 58. Ke3 axb5 59. axb5
h4 60. b6+ Kc8 61. Nc6 h3 62. Nxe7+ Kb7 63. Kf2 1/2-1/2

[Event "Bundesliga 9697"]
[Site "Deutschland"]
[Date "1997.??.??"]
[Round "?.1"]
[White "Votava, Jan"]
[Black "Lutz, Christopher"]
[Result "1/2-1/2"]
[WhiteElo "2530"]
[BlackElo "2555"]
[PlyCount "25"]
[EventDate "1996.10.??"]
[EventType "team"]
[EventRounds "15"]
[EventCountry "GER"]
[SourceTitle "Bundesliga 9697"]
[Source "DeepChess"]
[SourceDate "2005.01.01"]
[SourceVersion "1"]
[SourceVersionDate "2005.01.01"]
[SourceQuality "1"]
[WhiteTeam "SV Erfurt West 90"]
[BlackTeam "SG Porz e.V."]
[WhiteTeamCountry "GER"]
[BlackTeamCountry "GER"]

1. c4 e6 2. Nf3 d5 3. e3 Nf6 4. b3 Be7 5. Bb2 O-O 6. Be2 c5 7. O-O Nc6 8. d4
cxd4 9. Nxd4 Nxd4 10. Qxd4 dxc4 11. Bxc4 Qxd4 12. Bxd4 b6 13. Nc3 1/2-1/2

[Event "Bundesliga 9697"]
[Site "Deutschland"]
[Date "1997.??.??"]
[Round "?.2"]
[White "Huebner, Robert"]
[Black "Casper, Thomas"]
[Result "1/2-1/2"]
[WhiteElo "2600"]
[BlackElo "2405"]
[PlyCount "94"]
[EventDate "1996.10.??"]
[EventType "team"]
[EventRounds "15"]
[EventCountry "GER"]
[SourceTitle "Bundesliga 9697"]
[Source "DeepChess"]
[SourceDate "2005.01.01"]
[SourceVersion "1"]
[SourceVersionDate "2005.01.01"]
[SourceQuality "1"]
[WhiteTeam "SG Porz e.V."]
[BlackTeam "SV Erfurt West 90"]
[WhiteTeamCountry "GER"]
[BlackTeamCountry "GER"]

1. d4 Nf6 2. c4 d6 3. Nc3 Nbd7 4. e4 e5 5. Nge2 Be7 6. g3 c6 7. Bg2 O-O 8. O-O
a6 9. a4 a5 10. h3 Re8 11. Be3 Bf8 12. Qc2 Qc7 13. Rad1 exd4 14. Bxd4 Nc5 15.
Bxc5 dxc5 16. f4 Rd8 17. Rxd8 Qxd8 18. e5 Ne8 19. g4 Qe7 20. Nc1 Be6 21. Ne4
Rd8 22. Nb3 Bc8 23. Nexc5 f6 24. Nd3 fxe5 25. fxe5 Nc7 26. Nxa5 h5 27. gxh5 Qg5
28. Kh1 Qxh5 29. Nf4 Qxe5 30. Nb3 Ne6 31. Ng6 Qg5 32. Nxf8 Nxf8 33. Qc1 Qh5 34.
Qe3 Re8 35. Qg3 Nh7 36. Rg1 Qh6 37. Nd4 Nf6 38. Kh2 Ne4 39. Qc7 Nf6 40. Nf3
Ng4+ 41. Kg3 Ne3 42. Kh2 Nxg2 43. Kxg2 Bxh3+ 44. Kg3 Rf8 45. Qe5 Be6 46. Ng5
Bxc4 47. Rd1 Bd5 1/2-1/2

[Event "Bundesliga 9697"]
[Site "Deutschland"]
[Date "1997.??.??"]
[Round "?.3"]
[White "Renner, Christoph"]
[Black "Hort, Vlastimil"]
[Result "0-1"]
[WhiteElo "2445"]
[BlackElo "2520"]
[PlyCount "67"]
[EventDate "1996.10.??"]
[EventType "team"]
[EventRounds "15"]
[EventCountry "GER"]
[SourceTitle "Bundesliga 9697"]
[Source "DeepChess"]
[SourceDate "2005.01.01"]
[SourceVersion "1"]
[SourceVersionDate "2005.01.01"]
[SourceQuality "1"]
[WhiteTeam "SV Erfurt West 90"]
[BlackTeam "SG Porz e.V."]
[WhiteTeamCountry "GER"]
[BlackTeamCountry "GER"]

1. e4 e5 2. Nf3 Nc6 3. Bc4 Bc5 4. c3 Nf6 5. d3 d6 6. O-O Bb6 7. Nbd2 h6 8. Re1
g5 9. Nf1 Be6 10. Bb5 g4 11. N3d2 Nd7 12. Nc4 a6 13. Nxb6 Nxb6 14. Bxc6+ bxc6
15. f4 gxf3 16. Qxf3 Qh4 17. Ng3 h5 18. Rf1 Qg4 19. Qf2 Rg8 20. Be3 Nd7 21.
Rad1 h4 22. Ne2 d5 23. Qf3 dxe4 24. dxe4 Bxa2 25. h3 Qxf3 26. Rxf3 Rb8 27. Rd2
Bb1 28. Rf2 Bxe4 29. Nc1 Rb5 30. Na2 Rg3 31. Rfe2 f5 32. c4 Rb3 33. Nc3 Nf6 34.
Bc5 0-1

[Event "Bundesliga 9697"]
[Site "Deutschland"]
[Date "1997.??.??"]
[Round "?.5"]
[White "Voekler, Bernd"]
[Black "Vaganian, Rafael A"]
[Result "0-1"]
[WhiteElo "2410"]
[BlackElo "2585"]
[PlyCount "70"]
[EventDate "1996.10.??"]
[EventType "team"]
[EventRounds "15"]
[EventCountry "GER"]
[SourceTitle "Bundesliga 9697"]
[Source "DeepChess"]
[SourceDate "2005.01.01"]
[SourceVersion "1"]
[SourceVersionDate "2005.01.01"]
[SourceQuality "1"]
[WhiteTeam "SV Erfurt West 90"]
[BlackTeam "SG Porz e.V."]
[WhiteTeamCountry "GER"]
[BlackTeamCountry "GER"]

1. e4 e6 2. d4 d5 3. Nc3 Nf6 4. e5 Nfd7 5. f4 c5 6. Nf3 Nc6 7. Be3 a6 8. Qd2 b5
9. Ne2 Bb7 10. g3 cxd4 11. Nexd4 Nc5 12. Nxc6 Bxc6 13. Nd4 Ne4 14. Qd3 Bb7 15.
Bh3 g6 16. O-O Bg7 17. a4 b4 18. Nb3 Rc8 19. Bg2 O-O 20. a5 Qc7 21. Rfc1 Rfe8
22. Bb6 Qb8 23. Bxe4 dxe4 24. Qe3 g5 25. Ra4 gxf4 26. gxf4 Kh8 27. Nc5 Rg8 28.
Kh1 Bh6 29. Rf1 Bc6 30. Rxb4 Qxe5 31. Nd7 Qf5 32. Bd4+ Bg7 33. Ne5 Bxe5 34.
Bxe5+ f6 35. Bc3 Qg6 0-1

[Event "Bundesliga 9697"]
[Site "Deutschland"]
[Date "1997.??.??"]
[Round "?.7"]
[White "Troyke, Christian"]
[Black "Vogt, Lothar"]
[Result "1/2-1/2"]
[WhiteElo "2380"]
[BlackElo "2515"]
[PlyCount "67"]
[EventDate "1996.10.??"]
[EventType "team"]
[EventRounds "15"]
[EventCountry "GER"]
[SourceTitle "Bundesliga 9697"]
[Source "DeepChess"]
[SourceDate "2005.01.01"]
[SourceVersion "1"]
[SourceVersionDate "2005.01.01"]
[SourceQuality "1"]
[WhiteTeam "SV Erfurt West 90"]
[BlackTeam "SG Porz e.V."]
[WhiteTeamCountry "GER"]
[BlackTeamCountry "GER"]

1. g3 Nf6 2. Bg2 g6 3. d4 Bg7 4. e4 d6 5. Ne2 O-O 6. O-O e5 7. c4 Nbd7 8. Nbc3
exd4 9. Nxd4 Re8 10. h3 Nc5 11. Re1 Bd7 12. Rb1 h6 13. b3 a6 14. Bb2 Rb8 15.
Qd2 b5 16. cxb5 axb5 17. b4 Ne6 18. Nf3 Nh7 19. h4 Bc6 20. Nd5 h5 21. Bxg7 Nxg7
22. Rbc1 Bxd5 23. Qxd5 Nf6 24. Qb3 Ne6 25. Bh3 Ra8 26. Rcd1 Qe7 27. e5 dxe5 28.
Nxe5 Ra6 29. Qc3 c5 30. a3 Qf8 31. Bxe6 Raxe6 32. bxc5 Qe7 33. Nd3 Ne4 34. Qb4
1/2-1/2

[Event "Bundesliga 9697"]
[Site "Deutschland"]
[Date "1996.??.??"]
[Round "?.2"]
[White "Slobodjan, Roman"]
[Black "Huebner, Robert"]
[Result "1-0"]
[WhiteElo "2520"]
[BlackElo "2595"]
[PlyCount "77"]
[EventDate "1996.10.??"]
[EventType "team"]
[EventRounds "15"]
[EventCountry "GER"]
[SourceTitle "Bundesliga 9697"]
[Source "DeepChess"]
[SourceDate "2005.01.01"]
[SourceVersion "1"]
[SourceVersionDate "2005.01.01"]
[SourceQuality "1"]
[WhiteTeam "USC Magdeburg"]
[BlackTeam "SG Porz e.V."]
[WhiteTeamCountry "GER"]
[BlackTeamCountry "GER"]

1. e4 c5 2. Nf3 e6 3. d3 Nc6 4. g3 g6 5. Bg2 Bg7 6. c3 Nge7 7. O-O O-O 8. Be3
b6 9. d4 cxd4 10. cxd4 d5 11. e5 f6 12. Bf4 Nf5 13. Nc3 g5 14. exf6 Bxf6 15.
Be5 Nxe5 16. Nxe5 Bxe5 17. dxe5 Ba6 18. Re1 Rc8 19. Qa4 Bc4 20. Rad1 a5 21. Ne4
b5 22. Qa3 b4 23. Qa4 Kh8 24. Nf6 Rc5 25. Rd2 Bb5 26. Qd1 Be8 27. Qg4 h6 28. f4
gxf4 29. Qxf4 Qb6 30. Kh1 Rc4 31. Qf3 Kg7 32. b3 Rd4 33. Qf2 Qc5 34. g4 Qc3 35.
Rc2 Rf4 36. Qa7+ Rf7 37. Nxe8+ Kf8 38. Rxc3 Rxa7 39. Rc7 1-0

[Event "Bundesliga 9697"]
[Site "Deutschland"]
[Date "1996.??.??"]
[Round "?.3"]
[White "Vaganian, Rafael A"]
[Black "Rogozenko, Dorian"]
[Result "1-0"]
[WhiteElo "2595"]
[BlackElo "2525"]
[PlyCount "65"]
[EventDate "1996.10.??"]
[EventType "team"]
[EventRounds "15"]
[EventCountry "GER"]
[SourceTitle "Bundesliga 9697"]
[Source "DeepChess"]
[SourceDate "2005.01.01"]
[SourceVersion "1"]
[SourceVersionDate "2005.01.01"]
[SourceQuality "1"]
[WhiteTeam "SG Porz e.V."]
[BlackTeam "USC Magdeburg"]
[WhiteTeamCountry "GER"]
[BlackTeamCountry "GER"]

1. Nf3 Nf6 2. c4 c6 3. Nc3 d5 4. d4 e6 5. cxd5 exd5 6. Qc2 Na6 7. Bg5 Be7 8. e3
Nb4 9. Qb1 g6 10. Qd1 Bf5 11. Rc1 a5 12. a3 Na6 13. Qb3 Qb8 14. Na4 O-O 15. Ne5
Rd8 16. Be2 Kg7 17. O-O Nc7 18. g4 Be6 19. f4 Ng8 20. Bxe7 Nxe7 21. Nb6 Ra7 22.
f5 gxf5 23. gxf5 Nxf5 24. Bd3 Nd6 25. Qd1 Rg8 26. Kh1 Ne4 27. Bxe4 dxe4 28.
Nbd7 Qd8 29. Qh5 f5 30. Rg1+ Kh8 31. Rxg8+ Qxg8 32. Rg1 Qe8 33. Qg5 1-0

[Event "Bundesliga 9697"]
[Site "Deutschland"]
[Date "1996.??.??"]
[Round "?.4"]
[White "Naumann, Alexander"]
[Black "Stangl, Markus"]
[Result "1/2-1/2"]
[WhiteElo "2365"]
[BlackElo "2565"]
[PlyCount "107"]
[EventDate "1996.10.??"]
[EventType "team"]
[EventRounds "15"]
[EventCountry "GER"]
[SourceTitle "Bundesliga 9697"]
[Source "DeepChess"]
[SourceDate "2005.01.01"]
[SourceVersion "1"]
[SourceVersionDate "2005.01.01"]
[SourceQuality "1"]
[WhiteTeam "USC Magdeburg"]
[BlackTeam "SG Porz e.V."]
[WhiteTeamCountry "GER"]
[BlackTeamCountry "GER"]

1. d4 d5 2. c4 c6 3. Nf3 e6 4. Nc3 dxc4 5. a4 Bb4 6. e3 b5 7. Bd2 a5 8. axb5
Bxc3 9. Bxc3 cxb5 10. b3 Bb7 11. d5 Nf6 12. bxc4 b4 13. Bxf6 Qxf6 14. Qa4+ Nd7
15. Nd4 e5 16. Nb3 Ke7 17. Be2 Rhc8 18. Bg4 Qd6 19. Nxa5 Rc5 20. Nxb7 Rxa4 21.
Rxa4 Qg6 22. O-O Qxg4 23. Nxc5 Nxc5 24. Rxb4 Qe2 25. h3 g6 26. Ra1 Ne4 27. Rf1
h5 28. Rb7+ Kf6 29. Rb6+ Kf5 30. Rc6 f6 31. Rc7 Qd3 32. c5 Qxd5 33. f3 Nxc5 34.
e4+ Nxe4 35. fxe4+ Kxe4 36. Rxf6 Qd4+ 37. Kh2 Qd8 38. Rcf7 g5 39. Rf1 Qd2 40.
R7f2 Qe3 41. Rf3 Qd2 42. Ra1 Qb4 43. Rff1 g4 44. hxg4 hxg4 45. Rae1+ Kd4 46.
Kg3 Qb2 47. Rd1+ Ke4 48. Rfe1+ Kf5 49. Re3 Qb4 50. Rf1+ Qf4+ 51. Rxf4+ exf4+
52. Kf2 fxe3+ 53. Kxe3 Ke5 54. g3 1/2-1/2

[Event "Bundesliga 9697"]
[Site "Deutschland"]
[Date "1996.??.??"]
[Round "?.5"]
[White "Vogt, Lothar"]
[Black "Proehl, Holger"]
[Result "1/2-1/2"]
[WhiteElo "2505"]
[BlackElo "2400"]
[PlyCount "132"]
[EventDate "1996.10.??"]
[EventType "team"]
[EventRounds "15"]
[EventCountry "GER"]
[SourceTitle "Bundesliga 9697"]
[Source "DeepChess"]
[SourceDate "2005.01.01"]
[SourceVersion "1"]
[SourceVersionDate "2005.01.01"]
[SourceQuality "1"]
[WhiteTeam "SG Porz e.V."]
[BlackTeam "USC Magdeburg"]
[WhiteTeamCountry "GER"]
[BlackTeamCountry "GER"]

1. e4 e6 2. d4 d5 3. Nc3 Nf6 4. Bg5 Be7 5. e5 Nfd7 6. Bxe7 Qxe7 7. f4 a6 8. Nf3
c5 9. Qd2 Nc6 10. dxc5 Qxc5 11. O-O-O f6 12. exf6 Nxf6 13. Bd3 O-O 14. Rhe1 Bd7
15. g3 b5 16. Ne2 Kh8 17. Kb1 b4 18. Nc1 a5 19. Nb3 Qd6 20. Qe3 Rae8 21. Qc5
Qb8 22. Ne5 Nxe5 23. fxe5 Ng4 24. Qd6 Qxd6 25. exd6 e5 26. Be2 Ne3 27. Bh5 Nxd1
28. Bxe8 Rxe8 29. Rxd1 a4 30. Nc5 Bc6 31. Nd3 Re6 32. Nxb4 Bb7 33. Nxd5 Rxd6
34. Nc3 Rxd1+ 35. Nxd1 Kg8 36. Nc3 Bc6 37. b4 axb3 38. cxb3 Kf7 39. Kc2 Ke6 40.
Kd3 h5 41. b4 Bg2 42. a4 Kd6 43. h4 Kc6 44. Nd1 g6 45. Ne3 Bf3 46. Kc4 Be2+ 47.
Kc3 Kd6 48. a5 Ba6 49. Nc4+ Kd5 50. Na3 Bf1 51. Kd2 Kd4 52. b5 Kc5 53. b6 Ba6
54. Kc3 e4 55. Nc4 Bb7 56. Nd2 e3 57. Nb3+ Kb5 58. Kd3 Kb4 59. Kxe3 Kxb3 60.
Kf4 Kb4 61. Kg5 Kxa5 62. Kxg6 Kxb6 63. Kxh5 Kc5 64. Kg6 Be4+ 65. Kf6 Bf3 66.
Ke5 Bd1 1/2-1/2

[Event "Bundesliga 9697"]
[Site "Deutschland"]
[Date "1996.??.??"]
[Round "?.7"]
[White "Holzke, Frank"]
[Black "Kapischka, Jens"]
[Result "1-0"]
[WhiteElo "2375"]
[BlackElo "2315"]
[PlyCount "55"]
[EventDate "1996.10.??"]
[EventType "team"]
[EventRounds "15"]
[EventCountry "GER"]
[SourceTitle "Bundesliga 9697"]
[Source "DeepChess"]
[SourceDate "2005.01.01"]
[SourceVersion "1"]
[SourceVersionDate "2005.01.01"]
[SourceQuality "1"]
[WhiteTeam "SG Porz e.V."]
[BlackTeam "USC Magdeburg"]
[WhiteTeamCountry "GER"]
[BlackTeamCountry "GER"]

1. e4 c5 2. Nf3 d6 3. d4 cxd4 4. Nxd4 Nf6 5. Nc3 a6 6. g3 e6 7. Bg2 Be7 8. O-O
O-O 9. Be3 Nbd7 10. f4 Qc7 11. Kh1 Nb6 12. Qe2 Nc4 13. Bc1 Rb8 14. a4 b6 15. e5
dxe5 16. Nc6 Na5 17. Nxb8 Qxb8 18. fxe5 Nd7 19. Re1 Bb7 20. Bf4 Bxg2+ 21. Qxg2
Qc7 22. Rad1 Nc4 23. Nd5 exd5 24. Qxd5 Nxb2 25. e6 Qxc2 26. Rd2 Nf6 27. exf7+
Kh8 28. Qb7 1-0

[Event "Bundesliga 9697"]
[Site "Deutschland"]
[Date "1996.??.??"]
[Round "?.8"]
[White "Schnabel, Ralf"]
[Black "Schmidt, Ruediger"]
[Result "1/2-1/2"]
[WhiteElo "2255"]
[BlackElo "2187"]
[PlyCount "39"]
[EventDate "1996.10.??"]
[EventType "team"]
[EventRounds "15"]
[EventCountry "GER"]
[SourceTitle "Bundesliga 9697"]
[Source "DeepChess"]
[SourceDate "2005.01.01"]
[SourceVersion "1"]
[SourceVersionDate "2005.01.01"]
[SourceQuality "1"]
[WhiteTeam "USC Magdeburg"]
[BlackTeam "SG Porz e.V."]
[WhiteTeamCountry "GER"]
[BlackTeamCountry "GER"]

1. e4 c6 2. d4 d5 3. Nd2 g6 4. c3 Bg7 5. Ngf3 Bg4 6. h3 Bxf3 7. Qxf3 dxe4 8.
Nxe4 Nd7 9. Bc4 Ngf6 10. O-O O-O 11. Re1 Nxe4 12. Qxe4 e5 13. Be3 exd4 14. Bxd4
Bxd4 15. Qxd4 Nb6 16. Rad1 Qxd4 17. Rxd4 Nxc4 18. Rxc4 Rfe8 19. Rce4 Kf8 20.
Kf1 1/2-1/2

[Event "Bundesliga 9697"]
[Site "Deutschland"]
[Date "1997.??.??"]
[Round "?.1"]
[White "Ribli, Zoltan"]
[Black "Van der Sterren, Paul"]
[Result "1/2-1/2"]
[WhiteElo "2585"]
[BlackElo "2515"]
[PlyCount "47"]
[EventDate "1996.10.??"]
[EventType "team"]
[EventRounds "15"]
[EventCountry "GER"]
[SourceTitle "Bundesliga 9697"]
[Source "DeepChess"]
[SourceDate "2005.01.01"]
[SourceVersion "1"]
[SourceVersionDate "2005.01.01"]
[SourceQuality "1"]
[WhiteTeam "SK Passau 1869"]
[BlackTeam "SV Castrop Rauxel 1923"]
[WhiteTeamCountry "GER"]
[BlackTeamCountry "GER"]

1. c4 e6 2. Nc3 d5 3. d4 Nf6 4. Bg5 Be7 5. e3 O-O 6. Rc1 h6 7. Bxf6 Bxf6 8. Nf3
c6 9. Bd3 Nd7 10. O-O dxc4 11. Bxc4 e5 12. h3 exd4 13. exd4 Nb6 14. Bb3 Bf5 15.
Re1 Re8 16. Rxe8+ Qxe8 17. Qd2 Qd7 18. Re1 a5 19. a3 Re8 20. Rxe8+ Qxe8 21. Qf4
Be6 22. Bxe6 Qxe6 23. Qb8+ Qc8 24. Qa7 1/2-1/2

[Event "Bundesliga 9697"]
[Site "Deutschland"]
[Date "1997.??.??"]
[Round "?.2"]
[White "Gallagher, Joseph G"]
[Black "Schlosser, Philipp"]
[Result "1/2-1/2"]
[WhiteElo "2545"]
[BlackElo "2560"]
[PlyCount "74"]
[EventDate "1996.10.??"]
[EventType "team"]
[EventRounds "15"]
[EventCountry "GER"]
[SourceTitle "Bundesliga 9697"]
[Source "DeepChess"]
[SourceDate "2005.01.01"]
[SourceVersion "1"]
[SourceVersionDate "2005.01.01"]
[SourceQuality "1"]
[WhiteTeam "SV Castrop Rauxel 1923"]
[BlackTeam "SK Passau 1869"]
[WhiteTeamCountry "GER"]
[BlackTeamCountry "GER"]

1. e4 c6 2. d4 d5 3. e5 Bf5 4. Nf3 e6 5. Be2 Nd7 6. O-O Bg6 7. c3 Nh6 8. Nbd2
Be7 9. Re1 O-O 10. Nf1 Nf5 11. Ne3 c5 12. Bd3 Nxe3 13. Bxe3 cxd4 14. cxd4 Rc8
15. Bxg6 hxg6 16. Qd3 Nb8 17. a3 Re8 18. Red1 Qb6 19. Rab1 Rc6 20. Bg5 Bf8 21.
Bd2 Rec8 22. h4 Qa6 23. Qxa6 Nxa6 24. Rdc1 Rc4 25. Kf1 f6 26. Ke2 Kf7 27. Kd3
Nb8 28. Bc3 Nd7 29. b3 R4c6 30. Bb2 fxe5 31. Nxe5+ Nxe5+ 32. dxe5 Be7 33. g3 g5
34. hxg5 Bxg5 35. Rxc6 bxc6 36. b4 c5 37. bxc5 Rxc5 1/2-1/2

[Event "Bundesliga 9697"]
[Site "Deutschland"]
[Date "1997.??.??"]
[Round "?.5"]
[White "Schmidt, Peter"]
[Black "Dinstuhl, Volkmar"]
[Result "0-1"]
[WhiteElo "2410"]
[BlackElo "2405"]
[PlyCount "56"]
[EventDate "1996.10.??"]
[EventType "team"]
[EventRounds "15"]
[EventCountry "GER"]
[SourceTitle "Bundesliga 9697"]
[Source "DeepChess"]
[SourceDate "2005.01.01"]
[SourceVersion "1"]
[SourceVersionDate "2005.01.01"]
[SourceQuality "1"]
[WhiteTeam "SK Passau 1869"]
[BlackTeam "SV Castrop Rauxel 1923"]
[WhiteTeamCountry "GER"]
[BlackTeamCountry "GER"]

1. d4 Nf6 2. c4 e6 3. Nf3 Bb4+ 4. Bd2 a5 5. Nc3 b6 6. e3 Bb7 7. Bd3 O-O 8. O-O
d6 9. Qe2 Nbd7 10. e4 e5 11. Bc2 exd4 12. Nxd4 Re8 13. f3 Ne5 14. Ba4 c6 15.
Rfd1 Qc7 16. Bg5 Nfd7 17. Rac1 Nc5 18. Nd5 Qb8 19. Nxb4 axb4 20. Bb3 Nxb3 21.
axb3 d5 22. Nf5 f6 23. Bf4 dxe4 24. fxe4 Bc8 25. c5 Bxf5 26. exf5 bxc5 27. Qc4+
Nxc4 28. Bxb8 Ne3 0-1

[Event "Bundesliga 9697"]
[Site "Deutschland"]
[Date "1997.??.??"]
[Round "?.7"]
[White "Hennig, Dirk"]
[Black "Klebel, Martin"]
[Result "1/2-1/2"]
[WhiteElo "2445"]
[BlackElo "2410"]
[PlyCount "120"]
[EventDate "1996.10.??"]
[EventType "team"]
[EventRounds "15"]
[EventCountry "GER"]
[SourceTitle "Bundesliga 9697"]
[Source "DeepChess"]
[SourceDate "2005.01.01"]
[SourceVersion "1"]
[SourceVersionDate "2005.01.01"]
[SourceQuality "1"]
[WhiteTeam "SV Castrop Rauxel 1923"]
[BlackTeam "SK Passau 1869"]
[WhiteTeamCountry "GER"]
[BlackTeamCountry "GER"]

1. d4 Nf6 2. Nf3 c5 3. d5 d6 4. Nc3 e5 5. e4 Be7 6. Be2 O-O 7. O-O Ne8 8. Nd2
Nd7 9. a4 a6 10. Nc4 Bg5 11. Bxg5 Qxg5 12. Ra3 Qd8 13. Bg4 Ndf6 14. Bxc8 Rxc8
15. f4 exf4 16. Qf3 Nd7 17. Qxf4 Qe7 18. Nd1 Ne5 19. Nde3 g6 20. Rb3 Rc7 21. a5
f6 22. h4 Ng7 23. Nxe5 dxe5 24. Qg4 c4 25. Rc3 Qb4 26. Qe2 Nh5 27. Rxc4 Qxa5
28. Rxc7 Qxc7 29. Qc4 Qb6 30. Rf3 f5 31. exf5 gxf5 32. Kh2 f4 33. d6+ Kh8 34.
Qe6 e4 35. Qe5+ Kg8 36. Qxe4 Qxd6 37. Qd5+ Qxd5 38. Nxd5 Kg7 39. Kh3 Rc8 40.
Kg4 Rc5 41. c4 Nf6+ 42. Nxf6 Kxf6 43. Rxf4+ Kg6 44. b4 Rc6 45. h5+ Kg7 46. Kf5
a5 47. bxa5 Ra6 48. g4 Rxa5+ 49. Ke6 Rc5 50. Rf7+ Kg8 51. Rxb7 Rxc4 52. g5 Rc8
53. Rd7 Ra8 54. Ke7 Rb8 55. Rd8+ Rxd8 56. Kxd8 h6 57. g6 Kg7 58. Kd7 Kg8 59.
Ke6 Kg7 60. Ke5 Kg8 1/2-1/2

[Event "Bundesliga 9697"]
[Site "Deutschland"]
[Date "1997.??.??"]
[Round "?.8"]
[White "Lemmers, Oscar"]
[Black "Gross, David2"]
[Result "1-0"]
[WhiteElo "2340"]
[BlackElo "2335"]
[PlyCount "53"]
[EventDate "1996.10.??"]
[EventType "team"]
[EventRounds "15"]
[EventCountry "GER"]
[SourceTitle "Bundesliga 9697"]
[Source "DeepChess"]
[SourceDate "2005.01.01"]
[SourceVersion "1"]
[SourceVersionDate "2005.01.01"]
[SourceQuality "1"]
[WhiteTeam "SV Castrop Rauxel 1923"]
[BlackTeam "SK Passau 1869"]
[WhiteTeamCountry "GER"]
[BlackTeamCountry "GER"]

1. e4 c5 2. c3 d5 3. exd5 Qxd5 4. d4 Nf6 5. Nf3 Bg4 6. Be2 e6 7. h3 Bh5 8. O-O
Nc6 9. Be3 cxd4 10. Nxd4 Bxe2 11. Qxe2 Bc5 12. Rd1 Rd8 13. Na3 Bxa3 14. Nb5 Qe5
15. Rxd8+ Nxd8 16. Nxa3 O-O 17. Nc4 Qc7 18. Bd4 Nd7 19. Ne5 Nxe5 20. Bxe5 Qc8
21. c4 Nc6 22. Bc3 Rd8 23. Qg4 g6 24. Bf6 Rd3 25. Re1 Qd7 26. h4 Nd4 27. Qf4
1-0